000 00714nam a2200229Ia 4500
001 9685
003 GE_BSU
008 181216s||||||||xx |||||||||||||| ||und||
040 _cGE_BSU
080 _a821.353.1–32
100 _aნახუცრიშვილი,გ.
245 _aსილვა ვასილევი
245 _bმოთხრობა
245 _cპ/რედ.ა დოხნაძე.მხატვ.გ.ნადირაძე
260 _aთბილისი
260 _bსაბლიტგამი
260 _c1954
300 _a172გვ.20სმ.
653 _aმოთხრობა
653 _aსილვა ვასილევი
942 _cBK
999 _c42968
_d42968